000 01290nam a22003017a 4500
001 BD-DhSAU 9455
003 BD-DhSAU
005 20181209154939.0
008 150613b20 bg a|||| m||| 00| 0 eng d
040 _aBD-DhSAU
082 _222
_a630.715
_bM3124
100 _aMandal, Gobinda
_eRegistration.09-03645
245 _aUSE OF BRINJAL PRODUCTION TECHNOLOGIES BY THE FARMERS OF KASHIANI UPAZILA UNDER GOPALGANJ DISTRICT /
_c Gobinda Mandal
_bMs Thesis
260 _aSher-e-Bangla Agricultural University :
_bDepartment of Agricultural Extension & Information System,
_c2015
300 _axii, 69 p. :
_bill. ;
_c30 cm.
500 _aMS thesis of Department of Agricultural Extension & Information System, Faculty of Agriculture, Sher-e-Bangla Agricultural University, Dhaka, Bangladesh
504 _aIncludes bibliographical references.
590 _akamim
650 _aAgricultural extension work
650 _aInformation systems
650 _aUse of brinjal production technologies
650 _aKashani upazila
650 _aGopalgamk district
700 _a:Ali, Md. Sekender
_eSuperviser
700 _aBhuiyan, Mohammad Hossain
_eCo-superviser
856 _uhttp://archive.saulibrary.edu.bd:8080/xmlui/handle/123456789/812
942 _2ddc
_cTHESIS
999 _c13831
_d13830